[Event "2. Bundesliga Ost 2009/2010"]
[Site "17+18.10Zwettl14+15.11Poechlarn"]
[Date "2009.11.14"]
[Round "3"]
[Board "1"]
[White "Loeffler, Stefan"]
[Black "Denk, Adolf"]
[Result "0-1"]
[WhiteElo "2416"]
[BlackElo "2257"]
[PlyCount "50"]
[EventDate "2009.10.17"]
[EventType "team"]
[EventRounds "11"]
[EventCountry "AUT"]
[WhiteTeam "SK Advisory Invest Baden"]
[BlackTeam "SK St. Poelten"]

1.d4 Nf6 2.c4 e6 3.Nf3 d5 4.Bg5 Bb4+ 5.Nc3 dxc4 6.e4 c5 7.Bxc4 cxd4 8.Nxd4 O-O
9.e5 Qa5 10.O-O Qxe5 11.f4 Qc5 12.Bxf6 gxf6 13.Ne4 Qe7 14.Rf3 Kh8 15.Rh3 Rg8
16.Qh5 Rg7 17.Rd1 Nd7 18.Nb5 f5 19.Ng5 Nf8 20.Kh1 Bd7 21.Rhd3 Bc6 22.a3 Ng6
23.Rf1 Bc5 24.Nd4 Bxg2+ 25.Kxg2 Nxf4+

[Event "2. Bundesliga Ost 2009/2010"]
[Site "17+18.10Zwettl14+15.11Poechlarn"]
[Date "2009.11.14"]
[Round "3"]
[Board "2"]
[White "Sadilek, Maximilian"]
[Black "Lendwai, Reinhard"]
[Result "1/2-1/2"]
[WhiteElo "2207"]
[BlackElo "2424"]
[PlyCount "71"]
[EventDate "2009.10.17"]
[EventType "team"]
[EventRounds "11"]
[EventCountry "AUT"]
[WhiteTeam "SK St. Poelten"]
[BlackTeam "SK Advisory Invest Baden"]

1.e4 c6 2.d4 d5 3.f3 g6 4.Nc3 Bg7 5.Be3 Qb6 6.a3 dxe4 7.fxe4 e5 8.Nf3 Nd7 9.Bc4
Ngf6 10.O-O O-O 11.Kh1 Qc7 12.Bg1 h6 13.Qd2 exd4 14.Bxd4 Ng4 15.Bxg7 Kxg7 16.h3
Nge5 17.Qf4 Qd6 18.Rad1 Qe7 19.Nxe5 Nxe5 20.Bb3 f6 21.Rf2 Be6 22.Bxe6 Qxe6
23.Rfd2 Qe7 24.Ne2 Rfd8 25.Nd4 Kh7 26.Nf3 Nxf3 27.gxf3 Rxd2 28.Qxd2 Re8 29.Qd7
Kg7 30.Kg2 Kf7 31.Kg3 Qxd7 32.Rxd7+ Re7 33.Rd8 Re8 34.Rd7+ Re7 35.Rd8 Re8
36.Rd7+

[Event "2. Bundesliga Ost 2009/2010"]
[Site "17+18.10Zwettl14+15.11Poechlarn"]
[Date "2009.11.14"]
[Round "3"]
[Board "3"]
[White "Bawart, Markus"]
[Black "Steiner, Bruno"]
[Result "1-0"]
[WhiteElo "2399"]
[BlackElo "2184"]
[PlyCount "89"]
[EventDate "2009.10.17"]
[EventType "team"]
[EventRounds "11"]
[EventCountry "AUT"]
[WhiteTeam "SK Advisory Invest Baden"]
[BlackTeam "SK St. Poelten"]

1.Nf3 d5 2.g3 c6 3.Bg2 Bg4 4.h3 Bxf3 5.Bxf3 Nf6 6.d3 Nbd7 7.O-O e6 8.e4 dxe4
9.dxe4 Qc7 10.Bg2 Bc5 11.Bf4 e5 12.Bd2 O-O 13.a4 b5 14.axb5 cxb5 15.Nc3 a6
16.Qe2 Bd4 17.Rfc1 Nb6 18.Nd1 Nc4 19.c3 Bb6 20.Bg5 Qc6 21.b3 Na5 22.Rab1 Qe6
23.c4 bxc4 24.bxc4 Bc5 25.Nc3 Nc6 26.Nd5 Ne8 27.h4 h6 28.Bd2 Nd4 29.Qd1 Qd6
30.Rb7 Qd8 31.Rcb1 Kh8 32.Nb6 Nd6 33.Rd7 Qe8 34.Rc7 Bxb6 35.Rxb6 Qd8 36.Bxh6
gxh6 37.Qh5 Kh7 38.Qxe5 Qxc7 39.Rxd6 Ne2+ 40.Kh2 Qc8 41.Qh5 f6 42.Bh3 Qe8
43.Rd7+ Qxd7 44.Bxd7 Nd4 45.Qd1

[Event "2. Bundesliga Ost 2009/2010"]
[Site "17+18.10Zwettl14+15.11Poechlarn"]
[Date "2009.11.14"]
[Round "3"]
[Board "4"]
[White "Juenger, Heinz"]
[Black "Brandner, Stefan"]
[Result "1-0"]
[WhiteElo "2086"]
[BlackElo "2283"]
[PlyCount "94"]
[EventDate "2009.10.17"]
[EventType "team"]
[EventRounds "11"]
[EventCountry "AUT"]
[WhiteTeam "SK St. Poelten"]
[BlackTeam "SK Advisory Invest Baden"]

1.d4 d5 2.c4 Nc6 3.cxd5 Qxd5 4.e3 e5 5.Nc3 Bb4 6.Bd2 Bxc3 7.Bxc3 exd4 8.Ne2 Nf6
9.Nxd4 O-O 10.Nb5 Qg5 11.h4 Qh6 12.Nxc7 Bg4 13.Qb3 Rad8 14.Qxb7 Ne4 15.Bb5 Rd6
16.Bxc6 Rxc6 17.Nd5 Re6 18.Bd4 Nd6 19.Qc7 Nf5 20.Qf4 Qh5 21.f3 Nxh4 22.Qxg4
Nxf3+ 23.gxf3 Qxh1+ 24.Kf2 Qh2+ 25.Qg2 Qh4+ 26.Qg3 Qxg3+ 27.Kxg3 Rc8 28.Nc3 a6
29.f4 Rb8 30.Ne2 Rb5 31.Rc1 h5 32.Rc5 Rg6+ 33.Kf3 Rxc5 34.Bxc5 h4 35.e4 h3
36.Bg1 Rg2 37.b4 f6 38.f5 Kf7 39.a4 Ke8 40.b5 axb5 41.axb5 Kd7 42.Bf2 Rg5 43.Bg3
g6 44.fxg6 Rxg6 45.Nf4 Rg5 46.Nd5 f5 47.e5 Rg4

[Event "2. Bundesliga Ost 2009/2010"]
[Site "17+18.10Zwettl14+15.11Poechlarn"]
[Date "2009.11.14"]
[Round "3"]
[Board "5"]
[White "Geismann, Bernhard"]
[Black "Sekyra, Michael"]
[Result "1/2-1/2"]
[WhiteElo "2108"]
[BlackElo "2155"]
[PlyCount "51"]
[EventDate "2009.10.17"]
[EventType "team"]
[EventRounds "11"]
[EventCountry "AUT"]
[WhiteTeam "SK Advisory Invest Baden"]
[BlackTeam "SK St. Poelten"]

1.e4 c5 2.Nc3 e6 3.f4 Nc6 4.Nf3 g6 5.Bb5 Bg7 6.Bxc6 bxc6 7.d3 d5 8.O-O Nf6 9.Qe1
O-O 10.Qh4 Re8 11.f5 exf5 12.exf5 Bxf5 13.Bh6 Bxh6 14.Qxh6 Ng4 15.Qf4 Qb8 16.Nh4
Qxf4 17.Rxf4 Ne3 18.Nxf5 Nxf5 19.Na4 Re2 20.Rf2 Rae8 21.Nxc5 Re1+ 22.Rxe1 Rxe1+
23.Rf1 Re2 24.Rf2 Re1+ 25.Rf1 Re2 26.Rf2

[Event "2. Bundesliga Ost 2009/2010"]
[Site "17+18.10Zwettl14+15.11Poechlarn"]
[Date "2009.11.14"]
[Round "3"]
[Board "6"]
[White "Kammerer, Roman"]
[Black "Zechner, Andrea"]
[Result "1-0"]
[WhiteElo "2099"]
[BlackElo "1987"]
[PlyCount "95"]
[EventDate "2009.10.17"]
[EventType "team"]
[EventRounds "11"]
[EventCountry "AUT"]
[WhiteTeam "SK St. Poelten"]
[BlackTeam "SK Advisory Invest Baden"]

1.c4 c6 2.g3 d5 3.cxd5 cxd5 4.d4 Nf6 5.Nc3 Nc6 6.Bg2 e6 7.Nf3 Be7 8.O-O O-O
9.Bg5 a6 10.Rc1 Bd7 11.Na4 h6 12.Bxf6 Bxf6 13.Nc5 b6 14.Nxd7 Qxd7 15.e3 Rfc8
16.Qb3 Qb7 17.h4 Na5 18.Qd3 Nc4 19.b3 Nd6 20.Nd2 Rxc1 21.Rxc1 Rc8 22.Rxc8+ Qxc8
23.e4 dxe4 24.Nxe4 Nxe4 25.Bxe4 b5 26.d5 exd5 27.Qxd5 g6 28.Bxg6 Qe6 29.Qxe6
fxe6 30.Bd3 Kf7 31.Kg2 Ke7 32.f4 Kd6 33.a4 bxa4 34.bxa4 a5 35.Bc4 e5 36.f5 e4
37.Kh3 Ke5 38.Kg4 Kd4 39.Bb5 Ke3 40.Kh5 Bg7 41.Kg6 Bf8 42.g4 Kf4 43.g5 hxg5
44.hxg5 Ke5 45.f6 e3 46.Kf7 Bc5 47.g6 Kf5 48.g7

[Event "2. Bundesliga Ost 2009/2010"]
[Site "17+18.10Zwettl14+15.11Poechlarn"]
[Date "2009.11.14"]
[Round "3"]
[Board "1"]
[White "Zilka, Stepan"]
[Black "Plachetka, Jan"]
[Result "1-0"]
[WhiteElo "2485"]
[BlackElo "2379"]
[PlyCount "152"]
[EventDate "2009.10.17"]
[EventType "team"]
[EventRounds "11"]
[EventCountry "AUT"]
[WhiteTeam "Blackburne Nickelsdorf"]
[BlackTeam "Austria Wien"]

1.d4 Nf6 2.c4 g6 3.Nc3 d5 4.cxd5 Nxd5 5.e4 Nxc3 6.bxc3 Bg7 7.Bc4 c5 8.Ne2 Nc6
9.Be3 O-O 10.O-O Bd7 11.Rb1 Rc8 12.dxc5 Qc7 13.Nd4 Rfd8 14.Qb3 Be8 15.Nxc6 bxc6
16.f4 Rb8 17.Qc2 Qa5 18.e5 Bd7 19.Rxb8 Rxb8 20.Bd4 Bf5 21.Qe2 Qa4 22.Bb3 Qb5
23.Qxb5 cxb5 24.Bd5 Rd8 25.Bb7 Bc8 26.Bxc8 Rxc8 27.Rb1 a6 28.a4 bxa4 29.Rb6 e6
30.Rxa6 Bf8 31.Ra5 a3 32.Kf2 a2 33.Rxa2 Bxc5 34.Ke3 Be7 35.Kd3 h5 36.c4 Kf8
37.c5 Ke8 38.Kc4 Kd7 39.Ra7+ Rc7 40.Rxc7+ Kxc7 41.Kb5 Bf8 42.h4 Be7 43.g3 Bf8
44.Bc3 Be7 45.Ba5+ Kc8 46.Kc6 Bf8 47.Be1 Be7 48.Bf2 Bf8 49.Bg1 Be7 50.Bd4 Bf8
51.Ba1 Be7 52.Bb2 Bf8 53.Kb5 Be7 54.Bd4 Kc7 55.Be3 Kc8 56.c6 Ba3 57.Ka4 Bb2
58.Kb3 Ba1 59.Bb6 f6 60.exf6 Bxf6 61.Kc4 Bb2 62.Ba5 Bf6 63.Kd3 Bb2 64.Ke4 Ba1
65.Bb6 Bc3 66.Bd4 Be1 67.Bf6 Bxg3 68.Ke5 Kc7 69.Bg5 Kxc6 70.Kxe6 Be1 71.Kf6 Kd5
72.Kxg6 Ke4 73.f5 Ke5 74.f6 Ke6 75.f7 Bb4 76.Bh6 Kd5

[Event "2. Bundesliga Ost 2009/2010"]
[Site "17+18.10Zwettl14+15.11Poechlarn"]
[Date "2009.11.14"]
[Round "3"]
[Board "2"]
[White "Staudner, Oliver"]
[Black "Vlcek, Stanislav"]
[Result "1/2-1/2"]
[WhiteElo "2405"]
[BlackElo "2286"]
[PlyCount "32"]
[EventDate "2009.10.17"]
[EventType "team"]
[EventRounds "11"]
[EventCountry "AUT"]
[WhiteTeam "Austria Wien"]
[BlackTeam "Blackburne Nickelsdorf"]

1.e4 c5 2.c3 Nf6 3.e5 Nd5 4.Nf3 Nc6 5.Bc4 Nb6 6.Bb3 c4 7.Bc2 Qc7 8.Qe2 g5 9.e6
dxe6 10.Nxg5 Qe5 11.d4 cxd3 12.Bxd3 Qxe2+ 13.Bxe2 Bg7 14.O-O Bd7 15.Na3 a6
16.Rd1 Bc8

[Event "2. Bundesliga Ost 2009/2010"]
[Site "17+18.10Zwettl14+15.11Poechlarn"]
[Date "2009.11.14"]
[Round "3"]
[Board "3"]
[White "Koffler, Daniel"]
[Black "Hangweyrer, Manfred"]
[Result "1/2-1/2"]
[WhiteElo "2236"]
[BlackElo "2348"]
[PlyCount "60"]
[EventDate "2009.10.17"]
[EventType "team"]
[EventRounds "11"]
[EventCountry "AUT"]
[WhiteTeam "Blackburne Nickelsdorf"]
[BlackTeam "Austria Wien"]

1.e4 d5 2.exd5 Nf6 3.Nf3 Nxd5 4.d4 Bf5 5.Bd3 Bxd3 6.Qxd3 e6 7.O-O Nd7 8.c4 N5f6
9.Nc3 Be7 10.Bf4 O-O 11.Rad1 c6 12.h3 Re8 13.Nd2 h6 14.Bh2 a6 15.Qf3 Rc8 16.c5
b5 17.Nce4 Nxe4 18.Nxe4 Nf6 19.Nxf6+ Bxf6 20.Be5 Be7 21.Rd3 Bf8 22.Rfd1 a5 23.a4
b4 24.b3 f6 25.Bf4 Qd5 26.Qxd5 exd5 27.Re3 Rxe3 28.fxe3 Kf7 29.Kf2 Ke6 30.Kf3
Be7

[Event "2. Bundesliga Ost 2009/2010"]
[Site "17+18.10Zwettl14+15.11Poechlarn"]
[Date "2009.11.14"]
[Round "3"]
[Board "4"]
[White "Nagy, Bence"]
[Black "Bachofner, Andreas"]
[Result "1-0"]
[WhiteElo "2305"]
[BlackElo "2229"]
[PlyCount "77"]
[EventDate "2009.10.17"]
[EventType "team"]
[EventRounds "11"]
[EventCountry "AUT"]
[WhiteTeam "Austria Wien"]
[BlackTeam "Blackburne Nickelsdorf"]

1.e4 e6 2.d4 d5 3.e5 c5 4.c3 Nc6 5.Nf3 Nge7 6.a3 a5 7.Be2 Nf5 8.b3 cxd4 9.cxd4
Qb6 10.Bb2 Be7 11.O-O Bd7 12.Kh1 Rc8 13.Nc3 Na7 14.Bd3 Nb5 15.Na4 Qa7 16.Bb1 h5
17.b4 g5 18.Nc5 b6 19.Nxd7 Qxd7 20.bxa5 bxa5 21.Bd3 g4 22.a4 Na7 23.Ng1 Bb4
24.Ne2 h4 25.Nf4 g3 26.Bxf5 exf5 27.Nh5 Kd8 28.fxg3 hxg3 29.Nxg3 Rc4 30.Rxf5 Nc6
31.Qf3 Nxd4 32.Bxd4 Rxd4 33.Rxf7 Qc6 34.Nf5 Rc4 35.Rf1 Rc1 36.Nd4 Rxf1+ 37.Qxf1
Qh6 38.h3 Ke8 39.e6

[Event "2. Bundesliga Ost 2009/2010"]
[Site "17+18.10Zwettl14+15.11Poechlarn"]
[Date "2009.11.14"]
[Round "3"]
[Board "5"]
[White "Steinert, Martin"]
[Black "Liedl, Wolfgang"]
[Result "1/2-1/2"]
[WhiteElo "2127"]
[BlackElo "2211"]
[PlyCount "60"]
[EventDate "2009.10.17"]
[EventType "team"]
[EventRounds "11"]
[EventCountry "AUT"]
[WhiteTeam "Blackburne Nickelsdorf"]
[BlackTeam "Austria Wien"]

1.d4 f5 2.e4 fxe4 3.Nc3 Nf6 4.Bg5 Nc6 5.d5 Ne5 6.Qd4 d6 7.Nxe4 c6 8.Bxf6 gxf6
9.O-O-O Qb6 10.Qd2 Bd7 11.f4 Bh6 12.Kb1 cxd5 13.Nc3 d4 14.Nd5 Qc5 15.Qxd4 Qxd4
16.Rxd4 Nc6 17.Re4 Bf5 18.Re1 Kd7 19.Bb5 Rae8 20.Nf3 a6 21.Ba4 b5 22.Bb3 Rhf8
23.Nh4 Bg6 24.f5 Bf7 25.Rhf1 Nd4 26.Rd1 Nxb3 27.axb3 Bg5 28.Nf3 Rg8 29.g3 h5
30.Rfe1 Bh6

[Event "2. Bundesliga Ost 2009/2010"]
[Site "17+18.10Zwettl14+15.11Poechlarn"]
[Date "2009.11.14"]
[Round "3"]
[Board "6"]
[White "Newrkla, Katharina"]
[Black "Bachofner, Christian"]
[Result "1/2-1/2"]
[WhiteElo "2083"]
[BlackElo "2072"]
[PlyCount "137"]
[EventDate "2009.10.17"]
[EventType "team"]
[EventRounds "11"]
[EventCountry "AUT"]
[WhiteTeam "Austria Wien"]
[BlackTeam "Blackburne Nickelsdorf"]

1.e4 c5 2.Nf3 d6 3.d4 cxd4 4.Nxd4 Nf6 5.Nc3 a6 6.Bc4 e6 7.Bb3 Nc6 8.Be3 Qc7 9.f4
Na5 10.f5 Nxb3 11.axb3 Be7 12.O-O Bd7 13.fxe6 fxe6 14.Qf3 O-O 15.Qg3 Kh8 16.Kh1
Rf7 17.Bg5 Raf8 18.Qd3 Qc5 19.Bh4 Qh5 20.Bg3 Qc5 21.Nf3 Ne8 22.Bf2 Qh5 23.Bd4
Bc6 24.Rae1 Nf6 25.Bg1 Ng4 26.Ne2 Qg6 27.Ng3 h5 28.Nd4 Rxf1 29.Rxf1 Rxf1 30.Qxf1
h4 31.Nxc6 bxc6 32.Ne2 Qxe4 33.Qf7 Bf6 34.Qh5+ Kg8 35.Qe8+ Kh7 36.Qh5+ Nh6 37.c3
g6 38.Qf3 Qxf3 39.gxf3 Nf5 40.Kg2 Kh6 41.Nf4 Ng7 42.Nd3 c5 43.Be3+ g5 44.h3 Nf5
45.Bd2 Kg6 46.Nf2 Be7 47.Ne4 d5 48.Nf2 Bd6 49.Nd3 e5 50.Nf2 Ng3 51.c4 dxc4
52.bxc4 Ne2 53.Ne4 Be7 54.Kf2 Nd4 55.Be3 Kf5 56.Bd2 Nb3 57.Be3 Na5 58.Bxc5 Bxc5+
59.Nxc5 Nxc4 60.b3 Nd6 61.Nxa6 e4 62.Nc5 exf3 63.Kxf3 Nb5 64.b4 Nd4+ 65.Kf2 g4
66.hxg4+ Kxg4 67.Ne4 Kf5 68.Nd2 Ke6 69.Nf3

[Event "2. Bundesliga Ost 2009/2010"]
[Site "17+18.10Zwettl14+15.11Poechlarn"]
[Date "2009.11.14"]
[Round "3"]
[Board "1"]
[White "Macak, Stefan"]
[Black "Antoniewski, Rafal"]
[Result "0-1"]
[WhiteElo "2468"]
[BlackElo "2558"]
[PlyCount "56"]
[EventDate "2009.10.17"]
[EventType "team"]
[EventRounds "11"]
[EventCountry "AUT"]
[WhiteTeam "1. Wr. Neustaedter SV"]
[BlackTeam "ASVOE SK Mattersburg"]

1.e4 c5 2.Nf3 Nc6 3.d4 cxd4 4.Nxd4 Qc7 5.Nc3 e6 6.Be3 a6 7.Qd2 Nf6 8.O-O-O Bb4
9.f3 Ne5 10.Nb3 b5 11.Qe1 Rb8 12.f4 Nc4 13.e5 Nxe3 14.Qxe3 Bxc3 15.bxc3 Nd5
16.Rxd5 exd5 17.f5 b4 18.Bd3 bxc3 19.Qg3 Rg8 20.Re1 Rb6 21.f6 g6 22.Qg5 Kd8
23.Re3 Re8 24.Nd4 Qc5 25.Nb3 Qb4 26.Be2 Qa3+ 27.Kd1 Rxb3 28.cxb3 Qb2

[Event "2. Bundesliga Ost 2009/2010"]
[Site "17+18.10Zwettl14+15.11Poechlarn"]
[Date "2009.11.14"]
[Round "3"]
[Board "2"]
[White "Petran, Peter"]
[Black "Michalik, Peter"]
[Result "0-1"]
[WhiteElo "2361"]
[BlackElo "2439"]
[PlyCount "90"]
[EventDate "2009.10.17"]
[EventType "team"]
[EventRounds "11"]
[EventCountry "AUT"]
[WhiteTeam "ASVOE SK Mattersburg"]
[BlackTeam "1. Wr. Neustaedter SV"]

1.g3 d5 2.Bg2 e5 3.c4 dxc4 4.Qa4+ Nd7 5.Qxc4 Bd6 6.d3 Ne7 7.Nf3 O-O 8.O-O Nc6
9.a3 Nc5 10.Bg5 Qe8 11.Nbd2 Ne6 12.Be3 f5 13.Nb3 Kh8 14.Bc5 Nxc5 15.Nxc5 Na5
16.Qc3 Bxc5 17.Qxa5 Qe7 18.Rac1 Bd6 19.Nd2 c6 20.Nc4 Bc7 21.Qc3 f4 22.Nd2 Bg4
23.Rfe1 Bb6 24.Nf3 Rae8 25.Rf1 Qe6 26.Qd2 Qh6 27.Rc2 Rf5 28.d4 Bxf3 29.exf3 Bxd4
30.g4 Rff8 31.Re1 c5 32.Qd3 Qh4 33.a4 h5 34.h3 hxg4 35.hxg4 Re6 36.a5 Qd8 37.Qe4
Qxa5 38.Bf1 Rh6 39.g5 Rh7 40.Bd3 g6 41.Kg2 Rf5 42.Rec1 Rxg5+ 43.Kf1 Rh1+ 44.Ke2
Rgg1 45.Rxg1 Rxg1

[Event "2. Bundesliga Ost 2009/2010"]
[Site "17+18.10Zwettl14+15.11Poechlarn"]
[Date "2009.11.14"]
[Round "3"]
[Board "3"]
[White "Schroll, Gerhard"]
[Black "Riedner, Martin"]
[Result "1-0"]
[WhiteElo "2411"]
[BlackElo "2189"]
[PlyCount "49"]
[EventDate "2009.10.17"]
[EventType "team"]
[EventRounds "11"]
[EventCountry "AUT"]
[WhiteTeam "1. Wr. Neustaedter SV"]
[BlackTeam "ASVOE SK Mattersburg"]

1.d4 c5 2.d5 e6 3.Nc3 Nf6 4.e4 exd5 5.e5 Ne4 6.Nxd5 c4 7.Nf3 Qa5+ 8.c3 Bc5 9.Be3
Nc6 10.Qc2 Bxe3 11.Nxe3 d5 12.exd6 Nxd6 13.Nxc4 Nxc4 14.Bxc4 O-O 15.O-O Bg4
16.Qe4 Qh5 17.Nd4 Ne5 18.Bb3 Rfe8 19.Qxb7 Rab8 20.Qxa7 Ra8 21.Qc7 Ra6 22.Rae1
Rh6 23.h3 Be2 24.Rxe2 Rc6 25.Qxc6

[Event "2. Bundesliga Ost 2009/2010"]
[Site "17+18.10Zwettl14+15.11Poechlarn"]
[Date "2009.11.14"]
[Round "3"]
[Board "4"]
[White "Brod, Manfred"]
[Black "Lucaci, Marius"]
[Result "1-0"]
[WhiteElo "2165"]
[BlackElo "2153"]
[PlyCount "75"]
[EventDate "2009.10.17"]
[EventType "team"]
[EventRounds "11"]
[EventCountry "AUT"]
[WhiteTeam "ASVOE SK Mattersburg"]
[BlackTeam "1. Wr. Neustaedter SV"]

1.e4 e6 2.d4 d5 3.Nc3 Nf6 4.Bg5 Be7 5.e5 Nfd7 6.Bxe7 Qxe7 7.f4 a6 8.Nf3 c5
9.dxc5 Nc6 10.Qd2 Nxc5 11.Bd3 b5 12.a3 b4 13.Ne2 bxa3 14.bxa3 O-O 15.O-O f6
16.exf6 Rxf6 17.Ned4 Nxd4 18.Nxd4 Nxd3 19.Qxd3 Qc5 20.Qe3 Bd7 21.Rab1 Raf8 22.g3
Bb5 23.Rfe1 e5 24.fxe5 Rf2 25.e6 Qe7 26.Nxb5 axb5 27.Qxf2 Rxf2 28.Kxf2 Qc5+
29.Kf1 Kf8 30.e7+ Ke8 31.Rb3 Qc4+ 32.Re2 Qg4 33.Rxb5 Qf3+ 34.Ke1 Qc3+ 35.Kf2
Qf6+ 36.Kg2 Qd6 37.Rb3 d4 38.Rf3

[Event "2. Bundesliga Ost 2009/2010"]
[Site "17+18.10Zwettl14+15.11Poechlarn"]
[Date "2009.11.14"]
[Round "3"]
[Board "5"]
[White "Todor, Razvan"]
[Black "Salamon, Werner"]
[Result "1-0"]
[WhiteElo "2201"]
[BlackElo "2130"]
[PlyCount "128"]
[EventDate "2009.10.17"]
[EventType "team"]
[EventRounds "11"]
[EventCountry "AUT"]
[WhiteTeam "1. Wr. Neustaedter SV"]
[BlackTeam "ASVOE SK Mattersburg"]

1.e4 e5 2.Nf3 Nc6 3.Bc4 d6 4.d4 Bg4 5.c3 exd4 6.cxd4 Qd7 7.Bb5 a6 8.Qa4 Rb8
9.Be2 g6 10.Be3 Bg7 11.Nbd2 Nge7 12.Rc1 Rc8 13.Qb3 Rb8 14.d5 Na5 15.Qa3 b6 16.b4
Nb7 17.Qxa6 O-O 18.Qc4 c5 19.dxc6 Nxc6 20.Qb5 Rfc8 21.O-O Nbd8 22.Nc4 Nd4
23.Nxd4 Qxb5 24.Nxb5 Bxe2 25.Nbxd6 Bxf1 26.Nxc8 Bd3 27.N4xb6 Bxe4 28.Re1 Bc3
29.Rd1 Ne6 30.a3 Kg7 31.Rd7 Bc6 32.Rd3 Bb2 33.a4 Be4 34.Rb3 Be5 35.a5 Nc7 36.f4
Bc2 37.Ra3 Nb5 38.Ra2 Bb3 39.Re2 Bc3 40.Bc5 Be6 41.Ne7 Rd8 42.h3 Rd1+ 43.Kh2 h5
44.Nc6 h4 45.Bf2 Rd6 46.Nb8 Bd2 47.Bxh4 Bxb4 48.Be1 Bc5 49.Bf2 Nd4 50.Rb2 Rd8
51.Na6 Ba3 52.Rb1 Nb3 53.Nc7 Nxa5 54.Nxe6+ fxe6 55.Rb5 Nc6 56.Nc4 Bc1 57.Be3
Bxe3 58.Nxe3 Rd3 59.Ng4 Rc3 60.Rb7+ Kf8 61.Rc7 Rc4 62.Kg3 Ne5 63.Rxc4 Nxc4
64.Ne5 Ke8

[Event "2. Bundesliga Ost 2009/2010"]
[Site "17+18.10Zwettl14+15.11Poechlarn"]
[Date "2009.11.14"]
[Round "3"]
[Board "6"]
[White "Savio, Alfred Jun."]
[Black "Steiner, Adam"]
[Result "0-1"]
[WhiteElo "2040"]
[BlackElo "2188"]
[PlyCount "83"]
[EventDate "2009.10.17"]
[EventType "team"]
[EventRounds "11"]
[EventCountry "AUT"]
[WhiteTeam "ASVOE SK Mattersburg"]
[BlackTeam "1. Wr. Neustaedter SV"]

1.c4 e5 2.Nc3 Nf6 3.d3 Nc6 4.Nf3 Be7 5.g3 d5 6.cxd5 Nxd5 7.Bg2 Nb6 8.O-O O-O
9.a3 Re8 10.b4 Bf8 11.Bb2 Bg4 12.Rc1 Qd7 13.Re1 Rad8 14.Ne4 Bxf3 15.Bxf3 Nd4
16.Bxd4 exd4 17.Nc5 Bxc5 18.Rxc5 c6 19.Qc2 Qe6 20.Ra5 a6 21.Qc5 Nd7 22.Qxd4 Ne5
23.Qe3 b6 24.Rxa6 Qc8 25.Rxb6 Nxd3 26.exd3 Rxe3 27.Rxe3 h5 28.Rxc6 Qf5 29.Rc5
Qf6 30.Ra5 h4 31.Rae5 g6 32.Bg2 Kg7 33.b5 Rxd3 34.Rxd3 Qxe5 35.b6 Qa1+ 36.Bf1
Qb2 37.gxh4 Qxb6 38.Re3 f5 39.Bc4 Qd4 40.Be2 Qxh4 41.Bb5 f4 42.Re4

[Event "2. Bundesliga Ost 2009/2010"]
[Site "17+18.10Zwettl14+15.11Poechlarn"]
[Date "2009.11.14"]
[Round "3"]
[Board "1"]
[White "Videki, Sandor"]
[Black "Farago, Ivan"]
[Result "1/2-1/2"]
[WhiteElo "2450"]
[BlackElo "2511"]
[PlyCount "62"]
[EventDate "2009.10.17"]
[EventType "team"]
[EventRounds "11"]
[EventCountry "AUT"]
[WhiteTeam "Spg Data Technology Eichgraben/P."]
[BlackTeam "ASVOE VHS Poechlarn"]

1.e4 c5 2.Nf3 e6 3.d4 cxd4 4.Nxd4 a6 5.Bd3 Nf6 6.O-O Qc7 7.c4 d6 8.Nc3 Be7 9.Be3
b6 10.f3 Bb7 11.Qd2 Nbd7 12.Rac1 O-O 13.Rfd1 Rac8 14.Bf1 Rfe8 15.a3 Qb8 16.Kh1
Bf8 17.b4 Qa8 18.Bg1 d5 19.cxd5 exd5 20.exd5 Nxd5 21.Nxd5 Rxc1 22.Qxc1 Bxd5
23.Qc7 Qb7 24.Qxb7 Bxb7 25.Rc1 Rc8 26.Rxc8 Bxc8 27.Be3 Bb7 28.Kg1 g6 29.Bc4 Bd6
30.Kf2 Kf8 31.h3 Ke7

[Event "2. Bundesliga Ost 2009/2010"]
[Site "17+18.10Zwettl14+15.11Poechlarn"]
[Date "2009.11.14"]
[Round "3"]
[Board "2"]
[White "Kostic, Vladimir"]
[Black "Ganaus, Hannes"]
[Result "1-0"]
[WhiteElo "2430"]
[BlackElo "2281"]
[PlyCount "55"]
[EventDate "2009.10.17"]
[EventType "team"]
[EventRounds "11"]
[EventCountry "AUT"]
[WhiteTeam "ASVOE VHS Poechlarn"]
[BlackTeam "Spg Data Technology Eichgraben/P."]

1.d4 d6 2.e4 g6 3.Nc3 Bg7 4.Be3 a6 5.Qd2 Nd7 6.h4 h5 7.Nh3 b5 8.a4 b4 9.Nd1 a5
10.Bc4 e6 11.Ng5 Nb6 12.Bd3 Bd7 13.b3 c5 14.Nf3 Ne7 15.Rb1 cxd4 16.Bxd4 e5
17.Ba1 Bh6 18.Qe2 f6 19.Ne3 O-O 20.Rd1 Kh7 21.Bb2 Qc7 22.Bc1 Rad8 23.Bd2 Bc8
24.Rc1 d5 25.exd5 Nbxd5 26.Nxd5 Bxd2+ 27.Nxd2 Nxd5 28.Qxh5+

[Event "2. Bundesliga Ost 2009/2010"]
[Site "17+18.10Zwettl14+15.11Poechlarn"]
[Date "2009.11.14"]
[Round "3"]
[Board "3"]
[White "Neumeier, Klaus"]
[Black "Rumpl, Erwin"]
[Result "0-1"]
[WhiteElo "2391"]
[BlackElo "2334"]
[PlyCount "134"]
[EventDate "2009.10.17"]
[EventType "team"]
[EventRounds "11"]
[EventCountry "AUT"]
[WhiteTeam "Spg Data Technology Eichgraben/P."]
[BlackTeam "ASVOE VHS Poechlarn"]

1.e4 e6 2.d4 d5 3.Nc3 Nf6 4.e5 Nfd7 5.f4 c5 6.Nf3 Nc6 7.Be3 Qb6 8.Na4 Qa5+ 9.c3
b6 10.Bd2 c4 11.b4 Nxb4 12.cxb4 Bxb4 13.Rc1 Bxd2+ 14.Nxd2 b5 15.Nc5 Nxc5 16.dxc5
O-O 17.Qf3 Bd7 18.Qe3 Rfc8 19.Kf2 Qxa2 20.Be2 Qa5 21.h4 b4 22.Nf3 Qxc5 23.Nd4
Rf8 24.Rh3 f6 25.Rg3 fxe5 26.Rxg7+ Kh8 27.Qxe5 Rxf4+ 28.Qxf4 Kxg7 29.Qe5+ Kg8
30.Kg1 Rf8 31.Qg5+ Kh8 32.Qe5+ Kg8 33.Kh1 Qe7 34.Qg3+ Qg7 35.Qxg7+ Kxg7 36.Ra1
Ra8 37.Ra6 Kf6 38.Bg4 Re8 39.Rxa7 Re7 40.Rb7 b3 41.Kg1 Ke5 42.Nf3+ Kd6 43.Nd4
Kc5 44.Ne2 Kc6 45.Rb8 Kc7 46.Rb4 e5 47.Nc3 Kd6 48.Be2 Be6 49.Na4 Rc7 50.Nc3 Rc8
51.Bd1 Kc5 52.Rb7 Kd4 53.Ne2+ Ke3 54.Kf1 Kd2 55.Bxb3 Rf8+ 56.Kg1 cxb3 57.Ng3 Kc2
58.Nf1 d4 59.Rc7+ Kd1 60.Rb7 Bc4 61.Ng3 Kc2 62.Ne4 Rf1+ 63.Kh2 b2 64.Nd2 b1=Q
65.Nxb1 Rxb1 66.Rxh7 d3 67.Rc7 Kc3

[Event "2. Bundesliga Ost 2009/2010"]
[Site "17+18.10Zwettl14+15.11Poechlarn"]
[Date "2009.11.14"]
[Round "3"]
[Board "4"]
[White "Weinzettl, Ernst"]
[Black "Weissenbeck, Manuel"]
[Result "1-0"]
[WhiteElo "2278"]
[BlackElo "2252"]
[PlyCount "55"]
[EventDate "2009.10.17"]
[EventType "team"]
[EventRounds "11"]
[EventCountry "AUT"]
[WhiteTeam "ASVOE VHS Poechlarn"]
[BlackTeam "Spg Data Technology Eichgraben/P."]

1.e4 c5 2.Nc3 Nc6 3.Bb5 g6 4.Bxc6 dxc6 5.f4 Bg7 6.Nf3 b6 7.O-O Nf6 8.d3 O-O
9.Qe1 Ng4 10.h3 Nh6 11.f5 gxf5 12.Qh4 Qd6 13.e5 Qg6 14.Ne2 f6 15.Nf4 Qe8 16.exf6
Rxf6 17.Re1 Nf7 18.Nh5 Re6 19.Rxe6 Bxe6 20.Qg3 Qf8 21.Bd2 Bd5 22.Bc3 e5 23.Nxe5
f4 24.Qg4 Nh6 25.Qg5 Nf5 26.Nd7 h6 27.Qg6 Nh4 28.Nhf6+

[Event "2. Bundesliga Ost 2009/2010"]
[Site "17+18.10Zwettl14+15.11Poechlarn"]
[Date "2009.11.14"]
[Round "3"]
[Board "5"]
[White "Hechl, Gerald"]
[Black "Mittermayr, Gerhard"]
[Result "1-0"]
[WhiteElo "2244"]
[BlackElo "2139"]
[PlyCount "64"]
[EventDate "2009.10.17"]
[EventType "team"]
[EventRounds "11"]
[EventCountry "AUT"]
[WhiteTeam "Spg Data Technology Eichgraben/P."]
[BlackTeam "ASVOE VHS Poechlarn"]

1.e4 e6 2.Nf3 d5 3.e5 c5 4.b4 cxb4 5.a3 b3 6.cxb3 Nc6 7.d4 Qa5+ 8.Bd2 Qb6 9.Bc3
Bd7 10.Bd3 Rc8 11.O-O Nh6 12.Bb2 Be7 13.b4 Na5 14.Nbd2 Nc4 15.Bxc4 dxc4 16.Rc1
Qa6 17.d5 Ba4 18.Qe2 exd5 19.e6 f6 20.Nd4 O-O 21.Rc3 Qb6 22.N2f3 a5 23.Bc1 Ng4
24.Nf5 Rfe8 25.N3d4 Ne5 26.Rg3 Bf8 27.e7 Rxe7 28.Nxe7+ Bxe7 29.Nf5 Bf8 30.bxa5
Qxa5 31.f4 Nf7 32.Qe6 g6